=LDR 00000nam 2200000 4500 =001 INLIS000000000002530 =005 20130612090848 =008 ***********************************Ind** =035 ##$$0010-061300000002530 =041 ##$$a Ind =082 ##$$a 616.44 =090 ##$$a 616.44, Sur k =100 ##$$a Suryanah =245 ##$$a Keperawatan anak untuk siswa SPK, Suryanah; Editor,Ester Diana =260 ##$$a 1996 $b Jakarta =300 ##$$a vii,247 hlm, ilus, 21 cm =650 ##$$a Keperawatan =700 ##$$a Diana, Ester =850 ##$$a NBPNMAT